• 首页
  • 本馆介绍
  • 公告通知
  • 最新文献
  • 馆藏检索
  • 电子资源
  • 读者导购
  • 参考咨询
  • 我的图书馆
  • 登录
  • 详细信息显示
  • 放入我的书架
  • 预约/预借图书
  • 作者相关作品
  • 分类相关作品
  • 丛书相关作品
  • 出版社相关作品

书目信息

  • 表格格式
  • 工作单格式
  • 卡片格式
题名:
人文素质基础
    
 
作者: 郝素岭 , 张树芹 , 魏巧荣 主编
分册:  
出版信息: 杨凌   西北农林科技大学出版社  2018
页数: 360页
开本: 26cm
丛书名:
单 册:
中图分类: G40-012
科图分类:
主题词: 人文素质教育--ren wen su zhi jiao yu
电子资源:
ISBN: 978-7-5683-0579-2
000 01088nam0 2200289 450
001 012001001129
005 20131026104240.0
010    @a978-7-5683-0579-2@dCNY45.00
099    @aCAL 012019113667
100    @a20190918d2018 em y0chiy50 ea
101 0  @achi
102    @aCN@b610000
105    @aa a 000yy
106    @ar
200 1  @a人文素质基础@Aren wen su zhi ji chu@f主编郝素岭, 张树芹, 魏巧荣
210    @a杨凌@c西北农林科技大学出版社@d2018
215    @a360页@c图@d26cm
300    @a普通高等教育“十三五”规划教材
320    @a有书目 (第360页)
330    @a本书主要内容包括:经典散文赏读部分、礼仪文化、燕赵文化、建筑艺术、经典小说赏读部分、音乐艺术、戏曲艺术、经典诗歌赏读部分、汉字文化、姓氏文化、饮食文化、经典戏剧赏读部分、制度文化、服饰文化、影视艺术、舞蹈艺术、书画艺术、科技文化。
606 0  @a人文素质教育@Aren wen su zhi jiao yu
690    @aG40-012@v5
701  0 @a郝素岭@Ahao su ling@4主编
701  0 @a张树芹@Azhang shu qin@4主编
701  0 @a魏巧荣@Awei qiao rong@4主编
801  0 @aCN@b上海新华@c20191020
905    @b1222654-7@dG40-012@e1062@f4
    
    人文素质基础/主编郝素岭, 张树芹, 魏巧荣.-杨凌:西北农林科技大学出版社,2018
    360页:图;26cm
    普通高等教育“十三五”规划教材
    
    ISBN 978-7-5683-0579-2:CNY45.00
    本书主要内容包括:经典散文赏读部分、礼仪文化、燕赵文化、建筑艺术、经典小说赏读部分、音乐艺术、戏曲艺术、经典诗歌赏读部分、汉字文化、姓氏文化、饮食文化、经典戏剧赏读部分、制度文化、服饰文化、影视艺术、舞蹈艺术、书画艺术、科技文化。
●
相关链接 在E读中查询图书 在五车中查询图书 在当当中查询图书 在豆瓣中查询图书


正题名:人文素质基础     索取号:G40-012/1062         预约/预借

序号 登录号 条形码 馆藏地/架位号 状态 备注
1 1222654   212226544   第一样本阅览室/ [索取号:G40-012/1062] 在馆    
2 1222655   212226553   教育系资料室/ [索取号:G40-012/1062] 在馆    
3 1222656   212226562   教育系资料室/ [索取号:G40-012/1062] 在馆    
4 1222657   212226571   第四借阅区/ [索取号:G40-012/1062] 在馆    
唐山师范学院图书馆 欢迎您!
大连网信软件有限公司© 版权所有